000
00285nam a22001337a 4500
020
_a
81-7245-025-7
082
_a
824
_b
AHU/O
100
_a
AHUJA,B N
245
_a
ESSAYS
260
_a
NEW DELHI
_b
GOODWILL PUBLISHING HOUSE
300
_a
556
650
_a
ESSAYS
_z
NEW DELHI
942
_c
BK
999
_c
3665
_d
3665